000 00501nam a2200169Ia 4500
008 180921t2015 xxu||||| |||| 00| 0 sin d
041 _asin
080 _a294.3
_bGNA
100 _aGnanissara Himi, Araththana
245 _aපවුල් සංස්ථාව සහ බෞද්ධ සංකල්පය
246 _aPaul Sansthawa Saha Bauddha Sankalpaya
260 _bGodage
_aColombo
_c2015
300 _b152p, 23cm
942 _cBK
999 _c1959
_d1959
003 LK-CoDNM
040 _aLK-CoDNM
_dLK-CoDNM
_eLK-CoDNM